000 01646cam a22003134a 4500
001 12747844
003 NUST
005 20220124120429.0
008 020419s2002 enka b 001 0 eng
010 _a 2002069134
020 _a0471485381 (pbk. : acidfree paper)
038 _aRani Shaista Kanwal
040 _aDLC
_cDLC
_dDLC
042 _apcc
050 0 0 _aQH505
_b.C64 2002
082 0 0 _a571.4
_221
100 1 _aCotterill, Rodney,
_d1933-
_988608
245 1 0 _aBiophysics :
_ban introduction /
_cRodney M.J. Cotterill.
260 _aChichester, West Sussex ;
_aNew York :
_bJohn Wiley,
_c2002.
300 _axii, 395 p. :
_bill. ;
_c25 cm.
504 _aIncludes bibliographical references and indexes.
505 _a Introduction -- Chemical Binding -- Energies, Forces and Bonds -- Rates of Reaction -- Transport Processes -- Some Techniques and Methods -- Biological Polymers -- Biological Membranes -- Biological Energy -- Movement of Organisms -- Excitable Membranes Nerve Signals -- Memory -- Control of Movement -- Appendix A: Elements of Quantum Mechanics -- Appendix B: The Hydrogen Atom -- Appendix C: Thermal Motion -- Appendix D: Probability Distributions -- Appendix E: Differential Equations
563 _aPBK
650 0 _aBiophysics.
_988610
856 4 2 _3Publisher description
_uhttp://www.loc.gov/catdir/description/wiley036/2002069134.html
906 _a7
_bcbc
_corignew
_d1
_eocip
_f20
_gy-gencatlg
942 _2ddc
_cBK
999 _c587696
_d587696